茶花女
| 資料類型: | 圖書 | 書目號: | 32846 |
Leader xxxxxxxxxx 001 __ 86022776 005 __ 19941110162512.0 008 __ chi 010 0_ |a957-558-289-6|b平裝|d新臺幣120元 100 __ |a19940514d1991 cd y0chiy0109 e. 101 1_ |achi |ceng. 102 __ |acw. 105 __ |aa z 000ay. 200 1_ |a茶花女|e|f小仲馬原著|g蔡家茹改寫|g陳孝忠圖. 205 __ |a 210 __ |a臺南市|c大千文化|d民80. 215 0_ |a252面|c圖|d22公分. 225 2_ |a世界文學注音版全集|v1. 260 1_ |a1991. 300 __ |a 302 __ |a國語注音. 606 __ |2csh|a西洋小說. 681 __ |a859.6|b4607|y80 v.1|v增訂七版. 700 _1 |a小仲馬|b|4原著. 702 _1 |a蔡|b家茹|4改寫. 702 _1 |a陳|b孝忠|4圖. |